000 00327nam a2200121 4500
008 01962 1969 0 000 0Usa
020 _a68-25655
082 _a537 K197f
100 _aKip, Arthur F
245 _aFundamentals of electricity and magnetism/Arthur F,Kip
260 _aUsa : McGraw-Hill
300 _a630p /21cm
999 _c21373
_d21373